00330nam a2200121Ia 4500008004100000041000800041082001400049100002000063245004500083260004000128300003100168365000900199240624s9999 xx 000 0 und d aeng a332.1 KRI aKRISHNAN SANKAR aPOWER OF MOBILE BANKING HOW TO PROFIT FR c2014aNew JerseybJohn Wiley & Sons axix, : 172 : p. : cm. ; 23 cb26